|
|
|
|
| LEADER |
00000cab a2200000 a 4500 |
| 003 |
Ucuenca |
| 005 |
20230308202632.0 |
| 008 |
006113| ||||||||r|||||||||||spa|| |
| 040 |
|
|
|b spa
|
| 041 |
1 |
|
|a spa
|
| 082 |
0 |
|
|a 340.05
|b C634r
|
| 100 |
1 |
|
|a Acosta, Alberto
|d 1948-
|9 125128
|
| 245 |
|
|
|a Deuda externa y corrupcion: ¿una alianza invencible?
|c Alberto Acosta
|h imp
|
| 264 |
|
|
|a Quito
|b Comisión de Control Cívico de la Corrupción
|c Septiembre 2002
|
| 300 |
|
|
|a páginas: 28-33
|b ilu
|c 30 cm
|
| 362 |
|
|
|a Año 2; no. 8 (septiembre 2002)
|
| 520 |
3 |
|
|a "Latinoamerica puede tener otras alternativas para el Ec. Acosta, la deuda en sí es otra manifestación de las evoluciones del sistema capitalista..."
|
| 650 |
1 |
|
|a Deuda externa
|9 869
|
| 650 |
1 |
|
|a Revista rescate
|9 176238
|
| 852 |
|
|
|a UC-CDJBV
|f Donación
|l 1
|m General
|p 20061130
|q 1.00
|r 2
|b 0
|d CDRC
|e CDRC
|g 340.05 C634r TERCER PISO (SECCION REVISTAS)
|z 2006-61-13
|
| 942 |
|
|
|c SERA
|
| 773 |
0 |
|
|0 152196
|9 139098
|a Comisión de Control Cívico de la Corrupción
|d Quito Comisión de Control Cívico de la Corrupción Septiembre 2002
|o 120093
|t Revista Rescate
|
| 999 |
|
|
|c 103043
|d 103043
|